000 00549nam a2200217Ia 4500
003 OSt
005 20220923230925.0
006 a|||||r|||| 00| 0
007 ta
008 Pun
024 _a306,512
037 _cTextual
040 _aARTS
_cARTS
_bPun
041 _2Pun
_aPun
082 _aQ8441wI79, 153L8
100 _aਸਤਿਬੀਰ ਸਿੰਘ
245 0 _aਪਰਬਤੁ ਮੇਰਾਣੁ
260 _c1978
942 _hQ8441wI79, 153L8
_cTEXL
_2CC
999 _c388292
_d388292